| 000 | 00539nam a22001937a 4500 | ||
|---|---|---|---|
| 003 | KOHA_MİRAKIL | ||
| 005 | 20251003150903.0 | ||
| 008 | 251003b tu ||||| |||| 00| 0 tur d | ||
| 020 | _a9786057797100 | ||
| 040 |
_aTR-AnABB _btur _cTR-AnABB |
||
| 041 | _atur | ||
| 082 |
_a808.06833 _bBOİ 2022 |
||
| 100 | 1 | _aBoie, Kirsten, | |
| 245 | 1 | 0 |
_aKuzeyde bir yaz / _cKirsten Boie |
| 260 |
_aİstanbul : _bGünışığı Kitaplığı, _c2022 |
||
| 300 |
_a283 sayfa ; _c18 cm |
||
| 650 | 0 | 4 | _aAlman edebiyatı, roman |
| 942 |
_2ddc _cBK |
||
| 999 |
_c9077 _d9077 |
||
| 900 | _bGizem YORULMAZ | ||